000
00511nam a2200133Ia 4500
008
100328s9999 xx 000 0 und d
082
_b
74631
100
_a
बेदरकर कुमुद.
245
_a
महाभारतातील महान स्त्रिया.
260
_b
अस्मिता.
630
_a
महाभारतातील महान स्त्रिया.
730
_a
महाभारतातील महान स्त्रिया.
942
_c
BOOK
999
_c
560352
_d
560349